100 điều cần biết về phong tục thờ cúng của người Việt
Tài liệu này cung cấp tri thức phong phú về phong tục tập quán của người Việt , tạo thuận lợi cho mọi người khi thực thi việc hành lễ, giúp bạn đọc có thêm những hiểu biết cần thiết về phong tục thờ cúng truyền thống của người Việt...
Na minha lista:
| Autor principal: | |
|---|---|
| Formato: | Livro |
| Idioma: | Undetermined |
| Publicado em: |
Hà Nội
Thời đại
2010
|
| Assuntos: | |
| Tags: |
Adicionar Tag
Sem tags, seja o primeiro a adicionar uma tag!
|
| Thư viện lưu trữ: | Trung tâm Học liệu Trường Đại học Cần Thơ |
|---|
| LEADER | 00969nam a2200205Ia 4500 | ||
|---|---|---|---|
| 001 | CTU_154898 | ||
| 008 | 210402s9999 xx 000 0 und d | ||
| 020 | |c 33000 | ||
| 082 | |a 394.209597 | ||
| 082 | |b M312 | ||
| 100 | |a Minh Đường | ||
| 245 | 0 | |a 100 điều cần biết về phong tục thờ cúng của người Việt | |
| 245 | 0 | |c Minh Đường | |
| 260 | |a Hà Nội | ||
| 260 | |b Thời đại | ||
| 260 | |c 2010 | ||
| 520 | |a Tài liệu này cung cấp tri thức phong phú về phong tục tập quán của người Việt , tạo thuận lợi cho mọi người khi thực thi việc hành lễ, giúp bạn đọc có thêm những hiểu biết cần thiết về phong tục thờ cúng truyền thống của người Việt | ||
| 650 | |a Vietnam customs | ||
| 904 | |i Trần Trung Ngân | ||
| 980 | |a Trung tâm Học liệu Trường Đại học Cần Thơ | ||